<?xml version="1.0" encoding="UTF-8"?>
<record
    xmlns:xsi="http://www.w3.org/2001/XMLSchema-instance"
    xsi:schemaLocation="http://www.loc.gov/MARC21/slim http://www.loc.gov/standards/marcxml/schema/MARC21slim.xsd"
    xmlns="http://www.loc.gov/MARC21/slim">

  <leader>04602nam a2200493Ii 4500</leader>
  <controlfield tag="001">DIGIBE0126</controlfield>
  <controlfield tag="003">NyNyDIG</controlfield>
  <controlfield tag="006">m     o  d        </controlfield>
  <controlfield tag="007">cr |||||||||||</controlfield>
  <controlfield tag="008">140201s2003    sp a    ob    100 0 spa d</controlfield>
  <datafield tag="020" ind1=" " ind2=" ">
    <subfield code="a">9783865279361</subfield>
    <subfield code="q">(eBook)</subfield>
  </datafield>
  <datafield tag="020" ind1=" " ind2=" ">
    <subfield code="z">9783893544189</subfield>
    <subfield code="q">(Vervuert)  </subfield>
  </datafield>
  <datafield tag="020" ind1=" " ind2=" ">
    <subfield code="z">3893544186</subfield>
    <subfield code="q">(Vervuert)  </subfield>
  </datafield>
  <datafield tag="020" ind1=" " ind2=" ">
    <subfield code="z">9788484890904</subfield>
    <subfield code="q">(Iberoamericana)  </subfield>
  </datafield>
  <datafield tag="020" ind1=" " ind2=" ">
    <subfield code="z">8484890902</subfield>
    <subfield code="q">(Iberoamericana)</subfield>
  </datafield>
  <datafield tag="035" ind1=" " ind2=" ">
    <subfield code="a">(OCoLC)606998905</subfield>
  </datafield>
  <datafield tag="040" ind1=" " ind2=" ">
    <subfield code="a">DGITA</subfield>
    <subfield code="b">eng</subfield>
    <subfield code="e">pn</subfield>
    <subfield code="c">DGITA</subfield>
  </datafield>
  <datafield tag="043" ind1=" " ind2=" ">
    <subfield code="a">e-sp---</subfield>
  </datafield>
  <datafield tag="050" ind1="1" ind2="4">
    <subfield code="a">PQ6147.P5 eBook</subfield>
  </datafield>
  <datafield tag="245" ind1="0" ind2="0">
    <subfield code="a">Loca ficta  :</subfield>
    <subfield code="b">los espacios de la maravilla en la Edad Media y Siglo de Oro: actas del coloquio internacional, Pamplona, Universidad de Navarra, abril, 2002 / </subfield>
    <subfield code="c">Ignacio Arellano (ed.).</subfield>
  </datafield>
  <datafield tag="264" ind1=" " ind2="1">
    <subfield code="a">[Pamplona] :</subfield>
    <subfield code="b">Universidad de Navarra ;</subfield>
    <subfield code="a">Madrid :</subfield>
    <subfield code="b">Iberoamericana ;</subfield>
    <subfield code="a">Frankfurt am Main :</subfield>
    <subfield code="b">Vervuert,</subfield>
    <subfield code="c">2003.</subfield>
  </datafield>
  <datafield tag="300" ind1=" " ind2=" ">
    <subfield code="a">1 online resource (458 pages) :</subfield>
    <subfield code="b">ill.</subfield>
  </datafield>
  <datafield tag="336" ind1=" " ind2=" ">
    <subfield code="a">text</subfield>
    <subfield code="b">txt</subfield>
    <subfield code="2">rdacontent</subfield>
  </datafield>
  <datafield tag="337" ind1=" " ind2=" ">
    <subfield code="a">computer</subfield>
    <subfield code="b">c</subfield>
    <subfield code="2">rdamedia</subfield>
  </datafield>
  <datafield tag="338" ind1=" " ind2=" ">
    <subfield code="a">online resource</subfield>
    <subfield code="b">cr</subfield>
    <subfield code="2">rdacarrier</subfield>
  </datafield>
  <datafield tag="490" ind1="1" ind2=" ">
    <subfield code="a">Biblioteca &#xC1;urea Hisp&#xE1;nica ;</subfield>
    <subfield code="v">26.</subfield>
  </datafield>
  <datafield tag="500" ind1=" " ind2=" ">
    <subfield code="a">Conference organized by GRISO and the Instituto de Estudios Medievales of the Universidad de Navarra.</subfield>
  </datafield>
  <datafield tag="504" ind1=" " ind2=" ">
    <subfield code="a">Includes bibliographical references.</subfield>
  </datafield>
  <datafield tag="505" ind1="0" ind2="0">
    <subfield code="t">Prefacio : los territorios de la fantas&#xED;a / Ignacio Arellano -- Resonancias po&#xE9;ticas en el relato del Caballero del Lago (Don Quijote I, 50) / Mercedes Alcal&#xE1; Gal&#xE1;n -- Presencia y funci&#xF3;n de la m&#xFA;sica en algunos loca ficta / Bel&#xE9;n Alvarez Garc&#xED;a -- Espacios de la maravilla en los dramas de Calder&#xF3;n / Ignacio Arellano -- Los espacios de la maravilla en la novela corta &#xE1;urea / Ana L. Baquero Escudero -- Motivos y lugares maravillosos en las cuatro bodas de Felipe II / Esther Borrego Guti&#xE9;rrez -- La tierra de Jauja, de conseja a paso / Jean Canavaggio -- Las Soledades como "teatros de la memoria" / Enrica Cancelliere -- Caesaraugusta Ficta (Q2, 4, 10, 13, etc.) / Jos&#xE9; Ma. Casasayas -- Espacios ambiguos en el teatro de Calder&#xF3;n / Maria Teresa Cattaneo -- La Chambre de Beautez : un lugar para la cortes&#xED;a / Francisco Crosas -- Los espacios de la maravilla en los libros de pastores espa&#xF1;oles / John T. Cull -- La imaginaci&#xF3;n en Lope de Vega : los espacios de El peregrino en su patria / Francisco Javier D&#xED;ez de Revenga -- El Jard&#xED;n de la Monta&#xF1;a del Conde de Benavente : ordenanzas de 1562 / Francisco Javier Ferreras Fincias -- "Teatro de Maravillas" : metamorfosis sobrenatural de los espacios en autos sacramentales de Calder&#xF3;n de la Barca / Luis Galv&#xE1;n -- Im&#xE1;genes del Viejo Mundo en el Nuevo / Juan Gorostidi -- Los correos de Dios : Apocalipsis epistolares venidas de los cielos / V&#xED;ctor Infantes -- La materia fant&#xE1;stica en el Libro de las maravillas de don Juan de Austria / Santiago L&#xF3;pez-R&#xED;os -- Espacios de la maravilla en Las Abidas (1566) de Jer&#xF3;nimo Arbolanche / Carlos Mata Indur&#xE1;in -- C&#xF3;mo hacer veros&#xED;mil la maravilla : "El coloquio de los perros" de Cervantes / Rogelio Mi&#xF1;ana -- Los lugares imaginarios en Rojas Zorrilla : Persiles y Sigismunda / Felipe B. Pedraza Jim&#xE9;nez -- "Aposentos de esmeraldas finas" : el mundo sumergido de Pedro Espinosa / Pedro Ruiz P&#xE9;rez -- El Studiolum humanista : un espacio para la maravilla / Tamas Sajo -- La congregatio in insulam del De rebus bellicis (cap. III) : utop&#xED;a, arbitrismo o t&#xF3;pico ret&#xF3;rico? / Alvaro S&#xE1;nchez-Ostiz -- Bosquejo de geograf&#xED;a equ&#xED;voca / Jes&#xFA;s Sep&#xFA;lveda -- Flores, jardines y bosques : la b&#xFA;squeda de autoridades en P. Mex&#xED;a, A. de Torquemada, L. Zapata y J. P&#xE9;rez de Moya / Christoph Strosetzki -- El carro de auto sacramental : un espacio para la maravilla / Rafael Zafra -- Peg&#xFA; o Per&#xFA; : espacio imaginario y espacio real en El nuevo rey Gallinato de Claramonte / Miguel Zugasti.</subfield>
  </datafield>
  <datafield tag="650" ind1=" " ind2="0">
    <subfield code="a">Spanish literature</subfield>
    <subfield code="y">Classical period, 1500-1700</subfield>
    <subfield code="x">History and criticism</subfield>
    <subfield code="v">Congresses.</subfield>
  </datafield>
  <datafield tag="650" ind1=" " ind2="0">
    <subfield code="a">Spanish literature</subfield>
    <subfield code="y">To 1500</subfield>
    <subfield code="x">History and criticism</subfield>
    <subfield code="v">Congresses.</subfield>
  </datafield>
  <datafield tag="650" ind1=" " ind2="0">
    <subfield code="a">Utopias in literature</subfield>
    <subfield code="v">Congresses.</subfield>
  </datafield>
  <datafield tag="650" ind1=" " ind2="0">
    <subfield code="a">Fantasy in literature</subfield>
    <subfield code="v">Congresses.</subfield>
  </datafield>
  <datafield tag="655" ind1=" " ind2="0">
    <subfield code="a">Electronic books.</subfield>
  </datafield>
  <datafield tag="700" ind1="1" ind2=" ">
    <subfield code="a">Arellano, Ignacio,</subfield>
    <subfield code="e">ed.</subfield>
  </datafield>
  <datafield tag="710" ind1="2" ind2=" ">
    <subfield code="a">GRISO (Research group)</subfield>
  </datafield>
  <datafield tag="710" ind1="2" ind2=" ">
    <subfield code="a">Universidad de Navarra.</subfield>
    <subfield code="b">Instituto de Estudios Medievales.</subfield>
  </datafield>
  <datafield tag="791" ind1="2" ind2=" ">
    <subfield code="a">Digitalia (Firm),</subfield>
    <subfield code="e">distributor.</subfield>
  </datafield>
  <datafield tag="830" ind1=" " ind2="0">
    <subfield code="a">Biblioteca Aurea hisp&#xE1;nica ;</subfield>
    <subfield code="v">v. 26.</subfield>
  </datafield>
  <datafield tag="793" ind1="0" ind2=" ">
    <subfield code="g">Digitalia eBook Collection:</subfield>
    <subfield code="a">Iberoamericana/Vervuert.</subfield>
  </datafield>
  <datafield tag="856" ind1="4" ind2="0">
    <subfield code="3">Digitalia Hisp&#xE1;nica</subfield>
    <subfield code="u">https://www.digitaliapublishing.com/a/15387/</subfield>
  </datafield>
  <datafield tag="910" ind1=" " ind2=" ">
    <subfield code="a">Premium Collection: 2007-2012</subfield>
  </datafield>
  <datafield tag="942" ind1=" " ind2=" ">
    <subfield code="c">RAA</subfield>
  </datafield>
  <datafield tag="952" ind1=" " ind2=" ">
    <subfield code="0">0</subfield>
    <subfield code="1">0</subfield>
    <subfield code="4">0</subfield>
    <subfield code="7">0</subfield>
    <subfield code="8">DEH</subfield>
    <subfield code="a">BD-UIN</subfield>
    <subfield code="b">BD-UIN</subfield>
    <subfield code="d">2025-04-25</subfield>
    <subfield code="l">0</subfield>
    <subfield code="r">2025-04-25</subfield>
    <subfield code="w">2025-04-25</subfield>
    <subfield code="y">RAA</subfield>
  </datafield>
  <datafield tag="999" ind1=" " ind2=" ">
    <subfield code="c">234101</subfield>
    <subfield code="d">234101</subfield>
  </datafield>
</record>
